Analýza manažérskych metod a technik jako nástroje pro efektivní řízení lidských zdrojů

Uplatňovanie manažérskych metód a techník vo vybraných podnikoch. Potreba poznania manažérskych metód a ich efektívne uplatňovanie v praxi.

Guardado en:
Detalles Bibliográficos
Autor principal: Kmecová, Iveta
Otros Autores: Píchová, Romana
Formato: Capítulo de libro
Lenguaje:checo
Materias:
Etiquetas: Agregar Etiqueta
Sin Etiquetas, Sea el primero en etiquetar este registro!

MARC

LEADER 00000naa a2200000 4500
001 0238364
005 20220714120605.0
041 0 |a cze 
044 |a CZ 
245 1 0 |a Analýza manažérskych metod a technik jako nástroje pro efektivní řízení lidských zdrojů  |c Iveta Kmecová, Romana Píchová 
520 |a Uplatňovanie manažérskych metód a techník vo vybraných podnikoch. Potreba poznania manažérskych metód a ich efektívne uplatňovanie v praxi. 
610 2 0 |a metódy riadenia 
610 2 0 |a zdroje ľudské 
610 2 0 |a riadenie ľudských zdrojov 
610 2 0 |a manažéri 
610 2 0 |a manažment 
100 1 |a Kmecová, Iveta 
700 1 |a Píchová, Romana